000 00308nam a22001217a 4500
008 170830b xxu||||| |||| 00| 0 eng d
041 _aeng
080 _a070
100 _a39
101 _aMED
245 _aTHE ASSOCIATED PRESS STYLE BOOK AND BRIEFING ON MEDIA LAW
_cCHRISTIAN.D
942 _2udc
_cBK
999 _c25565
_d25565